Country Names in Norwegian Quiz Stats

 Plays Quiz not verified by Sporcle

Score 0/30 Timer 04:00
0 Plays Today
Norwegian English % Correct
De forente arabiske emiraterUnited Arab Emirates
95.9%
RusslandRussia
95.6%
AserbajdsjanAzerbaijan
95.4%
SpaniaSpain
95.4%
PolenPoland
95.3%
FilippinenePhilippines
94.6%
NorgeNorway
94.1%
Sør-AfrikaSouth Africa
94%
FrankrikeFrance
92.7%
LitauenLithuania
92.3%
MosambikMozambique
91.1%
StorbritanniaUnited Kingdom
90.1%
MikronesiaføderasjonenMicronesia
89.2%
MarshalløyeneMarshall Islands
89.1%
SverigeSweden
87.8%
Norwegian English % Correct
TadsjikistanTajikistan
87.1%
VatikanstatenVatican City
85.3%
KirgisistanKyrgyzstan
85.1%
SalomonøyeneSolomon Islands
84.6%
HellasGreece
84.3%
ØsterrikeAustria
82.7%
TsjekkiaCzechia
81.8%
TsjadChad
81.6%
SveitsSwitzerland
81.1%
EstlandEstonia
77.8%
HviterusslandBelarus
73.5%
Folkerepublikken KinaChina
72.4%
UngarnHungary
61.4%
TysklandGermany
43.4%
ElfenbenskystenCote d'Ivoire
38.7%

You're not logged in!

Compare scores with friends on all Sporcle quizzes.
OR
Log In

Sporcle TV

Today on Sporcle TV


Watch our educational content, quiz creation guides, and fun videos on Sporcle TV.

Show Comments

Extras

Top Quizzes Today


Score Distribution

Your Account Isn't Verified!

In order to create a playlist on Sporcle, you need to verify the email address you used during registration. Go to your Sporcle Settings to finish the process.

Report this User

Report this user for behavior that violates our Community Guidelines.

Details: